NFL 2022-2023 Every Player To Have 500 Or More Receiving Yards - Statistics

General Stats
  • This quiz has been taken 579 times
  • The average score is 66 of 83
Answer Stats
Team Yardage Players % Correct
Vikings (WR) 1,809 Justin Jefferson
100%
Dolphins (WR) 1,710 Tyreek Hill
100%
Eagles (WR) 1,496 A.J. Brown
99%
Lions (WR) 1,161 Amon-Ra St. Brown
99%
Raiders (WR) 1,516 Davante Adams
99%
Buccaneers (WR) 1,124 Mike Evans
99%
Bills (WR) 1,429 Stefon Diggs
99%
Chiefs (TE) 1,338 Travis Kelce
99%
Cowboys (WR) 1,359 CeeDee Lamb
98%
Eagles (WR) 1,196 DeVonta Smith
98%
Bengals (WR) 1,046 Ja'Marr Chase
98%
Dolphins (WR) 1,356 Jaylen Waddle
98%
Chiefs (WR) 933 JuJu Smith-Schuster
98%
Cardinals (WR) 709 Marquise Brown
98%
Cowboys (WR) 555 Noah Brown
98%
Seahawks (WR) 1,048 DK Metcalf
97%
Browns (WR) 1,160 Amari Cooper
96%
Bengals (WR) 1,029 Tee Higgins
96%
Seahawks (WR) 1,033 Tyler Lockett
96%
Buccaneers (WR) 1,023 Chris Godwin
95%
49ers (WR) 632 Deebo Samuel
95%
Chargers (WR) 752 Keenan Allen
95%
Commanders (WR) 1,191 Terry McLaurin
95%
Jets (WR) 1,103 Garrett Wilson
94%
Chargers (WR) 895 Mike Williams
94%
Commanders (WR) 656 Curtis Samuel
93%
49ers (TE) 765 George Kittle
93%
Ravens (TE) 847 Mark Andrews
93%
Lions/Vikings (TE) 914 T.J. Hockenson
93%
Saints (WR) 1,042 Chris Olave
92%
Steelers (WR) 882 Diontae Johnson
92%
Saints (TE) 508 Juwan Johnson
92%
Rams (WR) 812 Cooper Kupp
91%
49ers (WR) 1,015 Brandon Aiyuk
90%
Jaguars (WR) 1,108 Christian Kirk
90%
Broncos (WR) 972 Jerry Jeudy
90%
Colts (WR) 925 Michael Pittman Jr.
90%
Texans (WR) 548 Chris Moore
89%
Jets (WR) 536 Corey Davis
89%
Broncos (WR) 829 Courtland Sutton
89%
Panthers (WR) 888 DJ Moore
89%
Bills (WR) 836 Gabe Davis
89%
Vikings (WR) 716 Adam Thielen
88%
Chargers (RB) 722 Austin Ekeler
88%
Falcons (WR) 866 Drake London
87%
Steelers (WR) 801 George Pickens
87%
Bengals (WR) 762 Tyler Boyd
86%
Browns (WR) 839 Donovan Peoples-Jones
85%
Cardinals (WR) 717 DeAndre Hopkins
84%
Jaguars (WR) 823 Zay Jones
84%
Jaguars (TE) 766 Evan Engram
83%
Jaguars (WR) 529 Marvin Jones Jr.
83%
Eagles (TE) 702 Dallas Goedert
80%
Browns (TE) 628 David Njoku
78%
Packers (WR) 611 Christian Watson
77%
Patriots (TE) 509 Hunter Henry
73%
Bills (TE) 517 Dawson Knox
72%
Patriots (WR) 804 Jakobi Meyers
72%
Rams (TE) 620 Tyler Higbee
71%
Packers (WR) 788 Allen Lazard
70%
Texans (WR) 699 Brandin Cooks
70%
Bears (TE) 544 Cole Kmet
70%
Cowboys (TE) 577 Dalton Schultz
69%
Buccaneers (RB) 523 Leonard Fournette
68%
Giants (WR) 724 Darius Slayton
66%
Vikings (WR) 650 K.J. Osborn
63%
Steelers (TE) 732 Pat Freiermuth
63%
Chargers (WR) 769 Joshua Palmer
61%
Chargers (TE) 555 Gerald Everett
58%
Chiefs (RB) 512 Jerick McKinnon
58%
Commanders (WR) 523 Jahan Dotson
56%
Chiefs (WR) 687 Marquez Valdes-Scantling
52%
Colts (WR) 593 Alec Pierce
49%
Titans (WR) 527 Robert Woods
49%
Patriots (WR) 539 DeVante Parker
47%
Jets (TE) 552 Tyler Conklin
47%
Lions (WR) 502 DJ Chark
45%
Colts (WR) 623 Parris Campbell
38%
Raiders (WR) 690 Mack Hollins
37%
Falcons (WR) 533 Olamide Zaccheaus
29%
Lions (WR) 616 Kalif Raymond
26%
Giants (WR) 569 Richie James
23%
Chargers (WR) 538 DeAndre Carter
16%
No matching quizzes found
Score Distribution
Percent of People with Each Score
Percentile by Number Answered
Your Score History
You have not taken this quiz